000 00397nam a2200145Ia 4500
008 240719s9999 xx 000 0 und d
041 _aeng
082 _a338.1 BIN
100 _aBingham, Harry
245 _aStuff Matters Genius, Risk And The Secret Of Capitalism
260 _aLondon
_bFourth Estate
_c2010
300 _a366;. P. 23 Cm
365 _cBPS
_b20
520 _aGifted By : IMT Faculty
999 _c41391
_d41391